C++: (Record no. 36398)

MARC details
000 -LEADER
fixed length control field 00976cam a22002774a 4500
005 - DATE AND TIME OF LATEST TRANSACTION
control field 20030123082342.0
008 - FIXED-LENGTH DATA ELEMENTS--GENERAL INFORMATION
fixed length control field 020806s2003 njua b 001 0 eng
010 ## - LCCN (DPL NO)
LC control number ENG-96215
020 ## - INTERNATIONAL STANDARD BOOK NUMBER
International Standard Book Number 9788120340367
Terms of availability 695.00
035 ## - SYSTEM CONTROL NUMBER
System control number EN-79748
037 ## - SOURCE OF ACQUISITION
Source of stock number/acquisition DBAD/PUB
040 ## - CATALOGING SOURCE
Original cataloging agency DPL
Language of cataloging Eng
082 ## - DEWEY DECIMAL CLASSIFICATION NUMBER
Classification number 005.13
100 ## - MAIN ENTRY--PERSONAL NAME
Personal name Deitel, P.J.
245 ## - TITLE STATEMENT
Title C++:
Statement of responsibility, etc by P.J. Deitel [and] H.M. Deitel
Remainder of title how to program /
250 ## - EDITION STATEMENT
Edition statement 7th ed
260 ## - PUBLICATION, DISTRIBUTION, ETC. (IMPRINT)
Place of publication, distribution, etc New Delhi
Name of publisher, distributor, etc PHI Learning
Date of publication, distribution, etc 2010
270 ## - ADDRESS
Address M-97, Connaught Circus
City New Delhi
Postal code 110001
300 ## - PHYSICAL DESCRIPTION
Extent xxxiii, 1068 p. :
Other physical details ill.
Dimensions 23 cm (pbk)
Accompanying material DVD-ROM
440 ## - SERIES STATEMENT/ADDED ENTRY--TITLE
Title How to program series
500 ## - GENERAL NOTE
General note Includes index.
650 ## - SUBJECT ADDED ENTRY--TOPICAL TERM
Topical term or geographic name as entry element C++ (Computer program language)
700 ## - ADDED ENTRY--PERSONAL NAME
Personal name Deitel, Harvey
942 ## - ADDED ENTRY ELEMENTS (KOHA)
Source of classification or shelving scheme Dewey Decimal Classification
Item type English Books
Classification part 005.13
Call number suffix DEI
Holdings
Withdrawn status Lost status Source of classification or shelving scheme Damaged status Not for loan Collection code Home library Current library Date acquired Source of acquisition Cost, normal purchase price Total Checkouts Full call number Barcode Date last seen Copy number Cost, replacement price Koha item type
    Dewey Decimal Classification   Not For Loan Non-fiction D.B.Act.Division D.B.Act.Division 03/05/2010 DBAD/PUB 695.00   005.13 DEI EN-79748 31/05/2010 1 695.00 English Books

© Delhi Public Library
Hit Counter
free hit counter